[Event "BCF-chT4S 1819 (4NCL)"]
[Site "England"]
[Date "2019.02.10"]
[Round "6.116"]
[White "Friend, Paul T"]
[Black "Taylor, Robert P"]
[Result "0-1"]
[WhiteElo "1802"]
[BlackElo "1757"]
[PlyCount "78"]
[EventDate "2018.11.17"]
[EventType "team-swiss"]
[EventRounds "11"]
[EventCountry "ENG"]
[SourceTitle "EXT 2021"]
[Source "ChessBase"]
[SourceDate "2020.10.23"]
[SourceVersion "1"]
[SourceVersionDate "2020.10.23"]
[SourceQuality "1"]
[WhiteTeam "Banbury Bulldogs"]
[BlackTeam "Ashfield II"]
[WhiteTeamCountry "ENG"]
[BlackTeamCountry "ENG"]

1. Nc3 c6 2. Nf3 d5 3. e4 e6 4. d4 Nd7 5. exd5 exd5 6. Bf4 Ngf6 7. Bd3 Be7 8. 0-0 0-0 9. h3 Re8 10. Re1 Nf8 11. Qd2 Ne6 12. Be3 g6 13. Ne2 b5 14. a4 b4 15. Ne5 Bb7 16. f4 c5 17. c3 a5 18. Rac1 c4 19. Bb1 Ne4 20. Bxe4 dxe4 21. g4 Rc8 22. Ng3 f6 23. Nxg6 hxg6 24. f5 Qd6 25. Qf2 Ng5 26. Bxg5 fxg5 27. Nxe4 Bxe4 28. Rxe4 gxf5 29. gxf5 Bf6 30. Rce1 Kf7 31. Qf3 Rh8 32. Re6 Qd7 33. Rb6 Bxd4+ 34. cxd4 Qxd4+ 35. Qe3 Qxe3+ 36. Rxe3 c3 37. bxc3 bxc3 38. Rb1 c2 39. Rc1 Rhd8 0-1